000 00266nam a2200109Ia 4500
008 190216s9999||||xx |||||||||||||| ||und||
100 _aPrabakarayyar
245 0 _aBhashayum Manashashthravum
260 _bBhasha Institute
650 _aMalayalam
942 _cBK
999 _c39529
_d39529